Score 0/70 Timer 10:00
0 Plays Today
% Correct
Midwest
68.8%
Non Contiguous
68.8%
Non Contiguous
65.6%
Non Contiguous
62.5%
Southeast
62.5%
Northeast
62.5%
Northeast
62.5%
Northeast
62.5%
Southeast
59.4%
Northeast
59.4%
Midwest
59.4%
Northeast
59.4%
Non Contiguous
59.4%
Northeast
56.3%
Midwest
56.3%
Northeast
56.3%
Pacific
56.3%
Northeast
56.3%
Southeast
56.3%
Pacific
56.3%
Pacific
56.3%
Southeast
53.1%
Midwest
53.1%
Midwest
53.1%
Midwest
53.1%
Southeast
53.1%
Southeast
53.1%
Northeast
53.1%
Midwest
53.1%
Midwest
53.1%
Northeast
53.1%
Southeast
53.1%
Southeast
53.1%
Midwest
53.1%
Rocky Mountains
53.1%
% Correct
Southeast
53.1%
Pacific
53.1%
Southeast
53.1%
Northeast
53.1%
Pacific
53.1%
Southeast
50%
Southeast
50%
Pacific
50%
Midwest
50%
Southeast
50%
Rocky Mountains
50%
Midwest
50%
Southeast
50%
Rocky Mountains
46.9%
Midwest
46.9%
Southwest
46.9%
Southeast
46.9%
Midwest
46.9%
Southwest
46.9%
Southwest
46.9%
Southeast
46.9%
Northeast
46.9%
Northeast
46.9%
Southwest
43.8%
Southeast
43.8%
Rocky Mountains
43.8%
Midwest
43.8%
Southwest
43.8%
Rocky Mountains
43.8%
Midwest
43.8%
Rocky Mountains
40.6%
Southeast
40.6%
Southwest
40.6%
Rocky Mountains
34.4%
Rocky Mountains
34.4%

You're not logged in!

Compare scores with friends on all Sporcle quizzes.
OR
Log In

Sporcle TV

Today on Sporcle TV


Watch our educational content, quiz creation guides, and fun videos on Sporcle TV.

Show Comments

Extras

Created Sep 9, 2019ReportNominate
Tags:United States Quiz

Top Quizzes Today


Score Distribution

Paid Content

Your Account Isn't Verified!

In order to create a playlist on Sporcle, you need to verify the email address you used during registration. Go to your Sporcle Settings to finish the process.

Report this User

Report this user for behavior that violates our Community Guidelines.

Details: